LIBRARY & INFORMATION CENTRE, KCAET, TAVANUR

ONLINE PUBLIC ACCESS CATALOGUE (OPAC)

Water Resources Systems: Modelling Technniques and Analysis (Record no. 14133)

MARC details
000 -LEADER
fixed length control field 00418nam a22001457a 4500
020 ## - INTERNATIONAL STANDARD BOOK NUMBER
ISBN 9780070590892
082 ## - DEWEY DECIMAL CLASSIFICATION NUMBER
Classification number 627.01
Item number VED/WA
100 ## - MAIN ENTRY--AUTHOR NAME
Personal name Vedula, S
-- Majumdar, P P
245 ## - TITLE STATEMENT
Title Water Resources Systems: Modelling Technniques and Analysis
260 ## - PUBLICATION, DISTRIBUTION, ETC. (IMPRINT)
Place of publication New Delhi
Name of publisher Tata McGraw Hill
Year of publication 2010
300 ## - PHYSICAL DESCRIPTION
Number of Pages 279
490 ## - SERIES STATEMENT
Series statement Civil Engineering Series
650 ## - SUBJECT ADDED ENTRY--TOPICAL TERM
Topical Term Water Resouces systems
942 ## - ADDED ENTRY ELEMENTS (KOHA)
Koha item type Books

No items available.

free website counter